000 00211 a2200097 4500
001 4583
100 _aWylie,C.R
245 _aAdvanced engineering mathematics
260 _a
_bMcgrawhill
_c
090 _c3777
_d3777
942 _aNUST-CAE
_cM
_c30019
999 _c239656
_d239656